Catálogo
 En Linea

Primer Seminario de evaluación y normatización de las residencias médicas. / (Registro nro. 10508)

Detalles MARC
000 -CABECERA
campo de control de longitud fija 01128nam a2200253 a 4500
001 - NÚMERO DE CONTROL
campo de control 000010753
005 - FECHA Y HORA DE LA ÚLTIMA TRANSACCIÓN
campo de control 20250924073801.0
008 - DATOS DE LONGITUD FIJA--INFORMACIÓN GENERAL
campo de control de longitud fija 091009s1985 dr ac 000 0 spa d
040 ## - FUENTE DE LA CATALOGACIÓN
Centro catalogador/agencia de origen DO-SdBNP
Lengua de catalogación spa
Centro/agencia transcriptor BNPHU
082 ## - NÚMERO DE LA CLASIFICACIÓN DECIMAL DEWEY
Número de clasificación xxx
Número de documento/Ítem P953s
049 ## - FONDOS LOCALES (OCLC)
Fondos de biblioteca BNPD
111 2# - ENTRADA PRINCIPAL--NOMBRE DE CONGRESO/REUNIÓN
Nombre de congreso/reunión o jurisdicción como elemento de entrada Primer Seminario de evaluación y normatización de las residencias médicas
Número del congreso/reunión o número de parte o sección (1ra :
Fecha del congreso/reunión 1983 mayo 20, 21 y 22 :
Sede del congreso/Lugar de la reunión Santo Domingo)
9 (RLIN) 25962
245 10 - MENCIÓN DE TÍTULO
Título Primer Seminario de evaluación y normatización de las residencias médicas. /
Mención de responsabilidad, etc. Editores Julio Ravelo Astacio, Ricardo Corporán, Josefina Padilla.
246 10 - FORMA VARIANTE DE TÍTULO
Título propio/Titulo breve I seminario de evaluación y normatización de las residencias médicas
260 ## - PUBLICACIÓN, DISTRIBUCIÓN, ETC.
Lugar de publicación, distribución, etc. Santo Domingo :
Nombre del editor, distribuidor, etc. UASD,
Fecha de publicación, distribución, etc. 1985.
300 ## - DESCRIPCIÓN FÍSICA
Extensión 114 p. :
Otras características físicas il., retr. ;
Dimensiones 22 cm.
490 1# - MENCIÓN DE SERIE
Mención de serie Publicaciones de la Universidad Autónoma de Santo Domingo
Designación de volumen o secuencia 366
490 1# - MENCIÓN DE SERIE
Mención de serie Salud y Sociedad
Designación de volumen o secuencia 5
700 1# - PUNTO DE ACCESO ADICIONAL--NOMBRE DE PERSONA
Nombre de persona Ravelo Astacio, Julio,
Término indicativo de función/relación ed.
9 (RLIN) 25963
700 1# - PUNTO DE ACCESO ADICIONAL--NOMBRE DE PERSONA
Nombre de persona Corporán, Ricardo,
Término indicativo de función/relación ed.
9 (RLIN) 25897
700 1# - PUNTO DE ACCESO ADICIONAL--NOMBRE DE PERSONA
Nombre de persona Padilla, Josefina,
Término indicativo de función/relación ed.
9 (RLIN) 20425
830 ## - PUNTO DE ACCESO ADICIONAL DE SERIE-TÍTULO UNIFORME
Título uniforme Publicaciones de la Universidad Autónoma de Santo Domingo
Designación de volumen o secuencia 366
9 (RLIN) 52
830 #0 - PUNTO DE ACCESO ADICIONAL DE SERIE-TÍTULO UNIFORME
Título uniforme Salud y Sociedad
Número de parte o sección de la obra 5
9 (RLIN) 25964
Existencias
Estado de retiro Estado de pérdida Restricciones de uso No para préstamo Código de colección Localización permanente Ubicación/localización actual Ubicación en estantería Fecha de adquisición Número de inventario Total de préstamos Signatura topográfica completa Código de barras Fecha visto por última vez Número de copia Precio válido a partir de Tipo de ítem Koha
        Dominicana de Servicio General General En catalogación 09.10.2009 LF1   xxx P953s 10753-30 25.06.2020 e.3 25.06.2020 Libro y Folleto Colección Dominicana de Servicio
        Dominicana de Servicio General General En catalogación 09.10.2009 LF1   xxx P953s 10753-40 25.06.2020 e.4 25.06.2020 Libro y Folleto Colección Dominicana de Servicio
        Dominicana de Servicio General General En catalogación 09.10.2009 LF1   xxx P953s 10753-50 25.06.2020 e.5 25.06.2020 Libro y Folleto Colección Dominicana de Servicio
      Excluido de préstamo Patrimonio Dominicano Patrimonio Dominicano Patrimonio Dominicano En catalogación 09.10.2009 LF1   xxx P953s 10753-10 25.06.2020   25.06.2020 Libro y Folleto Colección Patrimonio Dominicano
      Excluido de préstamo Patrimonio Dominicano Patrimonio Dominicano Patrimonio Dominicano En catalogación 09.10.2009 LF1   xxx P953s 10753-20 25.06.2020 e.2 25.06.2020 Libro y Folleto Colección Patrimonio Dominicano

Con tecnología Koha